[Event "Mittelfranken-chTB2a 1718"]
[Site "Mittelfranken"]
[Date "2018.02.18"]
[Round "5.4"]
[White "Muenster, Manfred"]
[Black "Roth, Hubert"]
[Result "1-0"]
[WhiteElo "1895"]
[BlackElo "1785"]
[PlyCount "85"]
[EventDate "2017.10.08"]
[EventType "team-tourn"]
[EventRounds "9"]
[EventCountry "GER"]
[SourceTitle "EXT 2022"]
[Source "ChessBase"]
[SourceDate "2021.10.06"]
[SourceVersion "1"]
[SourceVersionDate "2021.10.06"]
[SourceQuality "1"]
[WhiteTeam "Heilsbronn"]
[BlackTeam "Rothenburg II"]
[WhiteTeamCountry "GER"]
[BlackTeamCountry "GER"]

1. Nc3 d5 2. e4 d4 3. Nce2 e5 4. Ng3 c5 5. Bc4 Nc6 6. a3 Nf6 7. d3 g6 8. h4 h5 9. Nh3 Nh7 10. Ng5 Nxg5 11. Bxg5 Be7 12. Bxe7 Qxe7 13. Qd2 Be6 14. Bxe6 Qxe6 15. f3 Qf6 16. Ne2 Kd7 17. 0-0-0 b5 18. Rdf1 Qe6 19. Kb1 a5 20. f4 f6 21. f5 gxf5 22. Rxf5 Rag8 23. Nc1 a4 24. Rhf1 Rg6 25. Qf2 Ke7 26. Qf3 b4 27. axb4 Nxb4 28. Rf2 Rgh6 29. g3 Qb6 30. g4 hxg4 31. Qxg4 Qe6 32. Qg7+ Ke8 33. Rxf6 Rxf6 34. Rxf6 Qg8 35. Qc7 a3 36. Qxe5+ Kd7 37. Rd6+ Kc8 38. Qxc5+ Nc6 39. Qxc6+ Kb8 40. Qb5+ Kc7 41. Qc5+ Kb7 42. Rb6+ Ka8 43. Qa5# 1-0

[Event "Mittelfranken-chTB2a 1718"]
[Site "Mittelfranken"]
[Date "2017.11.19"]
[Round "3.3"]
[White "Roth, Hubert"]
[Black "Pikal, Alexander"]
[Result "1/2-1/2"]
[WhiteElo "1785"]
[BlackElo "1914"]
[PlyCount "128"]
[EventDate "2017.10.08"]
[EventType "team-tourn"]
[EventRounds "9"]
[EventCountry "GER"]
[SourceTitle "EXT 2022"]
[Source "ChessBase"]
[SourceDate "2021.10.06"]
[SourceVersion "1"]
[SourceVersionDate "2021.10.06"]
[SourceQuality "1"]
[WhiteTeam "Rothenburg II"]
[BlackTeam "Bad Windsheim/Ansbach"]
[WhiteTeamCountry "GER"]
[BlackTeamCountry "GER"]

1. e4 d6 2. d4 g6 3. Nf3 Bg7 4. Bc4 e6 5. 0-0 Ne7 6. c3 b6 7. Bg5 h6 8. Be3 0-0 9. Qd2 Kh7 10. Bd3 Nd7 11. Qc2 Bb7 12. Nbd2 Rc8 13. Rad1 d5 14. Qb1 c5 15. e5 Nf5 16. Bf4 Rc7 17. Rfe1 Kh8 18. g4 Nh4 19. Bg3 Nxf3+ 20. Nxf3 cxd4 21. cxd4 Qe7 22. Nh4 Qg5 23. h3 Rfc8 24. f4 Qd8 25. Bxg6 fxg6 26. Nxg6+ Kg8 27. Bh4 Qe8 28. Ne7+ Kh8 29. Ng6+ Kg8 30. Ne7+ Kh8 31. Nxc8 Rxc8 32. f5 Ba6 33. f6 Bf8 34. Rc1 Rc4 35. Rxc4 dxc4 36. Kh2 Bb7 37. Rg1 Qf7 38. g5 Qh5 39. Qe1 hxg5 40. Rxg5 Qf3 41. Rg3 Qf4 42. Qe2 Qxh4 43. Rg4 Qh7 44. Qf2 Be4 45. Qf4 Bg6 46. Qg5 Bh5 47. Rh4 Bh6 48. Qxh5 Bf4+ 49. Kg2 Qxh5 50. Rxh5+ Kg8 51. Kf3 Bc1 52. Ke4 Bxb2 53. Rg5+ Kf8 54. h4 c3 55. Kd3 c2 56. Kxc2 Bxd4 57. Rg7 Nxe5 58. Re7 Ng6 59. Rxe6 Nxh4 60. Kd3 Bc5 61. Kc4 Ng6 62. Kb5 Nf4 63. Rc6 Nd3 64. Rc7 a5 1/2-1/2

[Event "Mittelfranken-chTB2a 1617"]
[Site "Mittelfranken"]
[Date "2017.02.12"]
[Round "6.3"]
[White "Roth, Hubert"]
[Black "Rausch, Wolfgang1111"]
[Result "1-0"]
[WhiteElo "1785"]
[BlackElo "1789"]
[PlyCount "77"]
[EventDate "2016.10.23"]
[EventType "team-tourn"]
[EventRounds "9"]
[EventCountry "GER"]
[SourceTitle "EXT 2022"]
[Source "ChessBase"]
[SourceDate "2021.10.06"]
[SourceVersion "1"]
[SourceVersionDate "2021.10.06"]
[SourceQuality "1"]
[WhiteTeam "Rothenburg II"]
[BlackTeam "Nuernberg Sued SW IV"]
[WhiteTeamCountry "GER"]
[BlackTeamCountry "GER"]

1. e4 c6 2. d4 d5 3. e5 Bf5 4. Nc3 e6 5. g4 Bg6 6. Nge2 Be7 7. Be3 Bh4 8. Nf4 Ne7 9. Ng2 Nc8 10. Qd2 Be7 11. h4 h6 12. h5 Bh7 13. Ne2 Nd7 14. Ng3 a6 15. Nf4 c5 16. dxc5 Nxc5 17. Nd3 Nd7 18. f4 Qc7 19. Rc1 b5 20. Bg2 Ncb6 21. Qa5 Ra7 22. b3 Qc6 23. Ke2 0-0 24. g5 Rc8 25. gxh6 gxh6 26. Rhg1 Kh8 27. Bh3 Rg8 28. Qd2 Raa8 29. f5 Bg5 30. f6 Qc7 31. Bf4 Bxf4 32. Qxf4 Bxd3+ 33. Kxd3 Nxe5+ 34. Ke2 Rg5 35. Nf5 Rag8 36. Ne7 Qc3 37. Nxg8 Kh7 38. Rxg5 hxg5 39. Qe3 1-0